书目信息 |
| 题名: |
中国出口贸易污染排放的环境效应评估
|
|
| 作者: | 高静 , 刘国光 著 | |
| 分册: | ||
| 出版信息: | 徐州 中国矿业大学出版社 2022.02 |
|
| 页数: | 188页 | |
| 开本: | 24cm | |
| 丛书名: | ||
| 单 册: | ||
| 中图分类: | X508.2 , F752.62 | |
| 科图分类: | ||
| 主题词: | 出口贸易--chu kou mao yi--关系--排污--环境效应--研究--中国 | |
| 电子资源: | ||
| ISBN: | 978-7-5646-4698-1 | |
| 000 | 01575nam0 2200277 450 | |
| 001 | 27194 | |
| 005 | 20220921093218.90 | |
| 010 | @a978-7-5646-4698-1@b精装@dCNY98.00 | |
| 100 | @a20220414d2022 em y0chiy50 ea | |
| 101 | 0 | @achi |
| 102 | @aCN@b320000 | |
| 105 | @aa a 000yy | |
| 200 | 1 | @a中国出口贸易污染排放的环境效应评估@Azhong guo chu kou mao yi wu ran pai fang de huan jing xiao ying ping gu@d= Environmental effects assessment of pollution emissions from China's export trade@f高静, 刘国光著@zeng |
| 210 | @a徐州@c中国矿业大学出版社@d2022.02 | |
| 215 | @a188页@c图, 照片@d24cm | |
| 306 | @a国家社会科学基金青年项目 国家社会科学基金一般项目资助出版 | |
| 320 | @a有书目 (第174-188页) | |
| 330 | @a进入20世纪以来, 中国面临着越来越严峻的贸易环境, 个别国家和学者运用错误的统计方法, 认定中国外贸对国际环境产生了负面影响。本书稿正是针对这一困境应运而生, 在加工贸易约束下科学地、定量地计算中国对外贸易进出口中所隐含的完全碳排放, 测算各贸易部门的污染贸易条件, 并且在加工贸易约束下对影响中国出口贸易隐含碳排放的各种因素进行定量定性研究, 真实有效地评估中国对外贸易的环境效应, 为政府制定相关政策提供了可资借鉴的建议, 对有效提高中国出口贸易品的污染贸易条件、促进中国的绿色经济增长具有重要价值。 | |
| 510 | 1 | @aEnvironmental effects assessment of pollution emissions from China's export trade@zeng |
| 606 | 0 | @a出口贸易@Achu kou mao yi@x关系@x排污@x环境效应@x研究@y中国 |
| 690 | @aX508.2@v5 | |
| 690 | @aF752.62@v5 | |
| 701 | 0 | @a高静@Agao jing@4著 |
| 701 | 0 | @a刘国光@Aliu guo guang@4著 |
| 801 | 0 | @aCN@c20220910 |
| 905 | @a河南城建学院图书馆@dX508.2@eG142@f2 | |
| 中国出口贸易污染排放的环境效应评估= Environmental effects assessment of pollution emissions from China's export trade/高静, 刘国光著.-徐州:中国矿业大学出版社,2022.02 |
| 188页:图, 照片;24cm |
| ISBN 978-7-5646-4698-1(精装):CNY98.00 |
| 进入20世纪以来, 中国面临着越来越严峻的贸易环境, 个别国家和学者运用错误的统计方法, 认定中国外贸对国际环境产生了负面影响。本书稿正是针对这一困境应运而生, 在加工贸易约束下科学地、定量地计算中国对外贸易进出口中所隐含的完全碳排放, 测算各贸易部门的污染贸易条件, 并且在加工贸易约束下对影响中国出口贸易隐含碳排放的各种因素进行定量定性研究, 真实有效地评估中国对外贸易的环境效应, 为政府制定相关政策提供了可资借鉴的建议, 对有效提高中国出口贸易品的污染贸易条件、促进中国的绿色经济增长具有重要价值。 |
| ● |
| 相关链接 |
|
|
|
正题名:中国出口贸易污染排放的环境效应评估
索取号:X508.2/G142
 
预约/预借
| 序号 | 登录号 | 条形码 | 馆藏地/架位号 | 状态 | 备注 |
| 1 | 1579047 | 215790473 | 自科库501/501自科库 68排5列3层/ [索取号:X508.2/G142] | 在馆 | |
| 2 | 1579048 | 215790482 | 自科库501/501自科库 68排5列3层/ [索取号:X508.2/G142] | 在馆 |